|
|
|
|
| LEADER |
00713nab a2200193 i 4500 |
| 001 |
misc44376 |
| 005 |
20191106141134.0 |
| 008 |
180925s1994 hu o 0|| zxx d |
| 022 |
|
|
|a 1215-5233
|
| 040 |
|
|
|a SZTE Miscellanea Repozitórium
|b hun
|
| 041 |
|
|
|a zxx
|
| 100 |
1 |
|
|a Bonifert Domonkos
|
| 245 |
1 |
0 |
|a Matematika tehetséggondozáshoz
|h [elektronikus dokumentum] /
|c Bonifert Domonkos
|
| 260 |
|
|
|c 1994
|
| 300 |
|
|
|a 65-67
|
| 490 |
0 |
|
|a Iskolakultúra
|v 4 No. 17
|
| 695 |
|
|
|a Matematika - középiskola - példatár - könyvismertetés, Tehetséggondozás - matematika - könyvismertetés
|
| 700 |
0 |
1 |
|a Urbán János
|
| 856 |
4 |
0 |
|u http://misc.bibl.u-szeged.hu/44376/1/iskolakultura_1994_017_065-067.pdf
|z Dokumentum-elérés
|